banner-ar

The lost manuscript of Frédéric Cailliaud : (Record no. 63037)

MARC details
000 -الفاتح
حقل البيانات ثابتة الطول 01460cam a22003737i 4500
005 - وقت وتاريخ اخر تعامل مع التسجيلة
رقم الضبط 20240530110620.0
008 - عناصر البيانات ثابتة الطول - معلومات عامة
حقل البيانات ثابتة الطول 140606s2014 ua ab b 001 0 eng d
020 ## - الرقم الدولى المعيارى للكتب
الرقم الدولى المعيارى للكتاب 9789774166167 (hbk.)
020 ## - الرقم الدولى المعيارى للكتب
الرقم الدولى المعيارى للكتاب 9774166167 (hbk.)
035 ## - رقم ضبط النظام
رقم ضبط النظام (OCoLC)ocn876558090
040 ## - مصدر الفهرسة
وكالة النسخ EG-CaGPL
041 1# - رمز اللغة
رمز لغة النص/ المسارات الصوتية أو العنوان الانفرادي eng
رمز لغة الترجمات و/او الاصلية المتوسطة للنص fre
082 04 - رقم تصنيف ديوى العشرى
رقم الطبعة 21
رقم التصنيف 709.32
رقم المادة CC/C L
100 1# - المدخل الرئيسى - إسم شخصى
الإسم الشخصى Cailliaud, Frédéric,
التواريخ المصاحبة للاسم 1787-1869,
الدور author.
245 14 - بيان العنوان
العنوان The lost manuscript of Frédéric Cailliaud :
بقية العنوان arts and crafts of the ancient Egyptians, Nubians, and Ethiopians /
بيان المسئوليه,etc translated and edited by Andrew Bednarski ; with contributions by Philippe Mainterot.
246 30 - العنوان الموازى
عنوان صحيح/عنوان مختصر Arts and crafts of the ancient Egyptians, Nubians, and Ethiopians
300 ## - الوصف المادى
التعداد xx, 295 pages :
تفاصيل ماديه اخرى للوعاء illustrations (chiefly color), map ;
أبعاد الوعاء 29 cm
500 ## - تبصرة عامة
تبصرة عامة Translated from the French.
504 ## - تبصرة ببليوجرافية
تبصرة ببليوجرافية,الخ Includes bibliographical references (pages 280-288) and index.
650 #0 - المدخل الاضافى بالموضوع-مصطلح موضوعى
مصطلح موضوعي Art, Egyptian.
650 #0 - المدخل الاضافى بالموضوع-مصطلح موضوعى
مصطلح موضوعي Art, Ancient
التقسيم الفرعي الجغرافي Egypt.
650 #0 - المدخل الاضافى بالموضوع-مصطلح موضوعى
مصطلح موضوعي Art, Ethiopian.
651 #0 - المدخل الاضافى بالموضوع - اسم جغرافى
الاسم الجغرافي Egypt
التقسيم الفرعي العام Antiquities.
651 #0 - المدخل الاضافى بالموضوع - اسم جغرافى
الاسم الجغرافي Nubia
التقسيم الفرعي العام Antiquities.
700 1# - المدخل الاضافى - اسم شخصى
الإسم الشخصى Bednarski, Andrew,
الدور editor,
-- translator.
700 1# - المدخل الاضافى - اسم شخصى
الإسم الشخصى Mainterot, Philippe,
الدور writer of supplementary textual content.
942 ## - عناصر المدخل الإضافي( كوها)
مصدر التصنيف او مخطط الترفيف Dewey Decimal Classification
Koha [default] item type كتاب
264 #1 -
-- Cairo ;
-- New York :
-- The American University in Cairo Press,
-- 2014.
336 ## -
-- text
-- txt
-- rdacontent
337 ## -
-- unmediated
-- n
-- rdamedia
338 ## -
-- volume
-- nc
-- rdacarrier
Holdings
حالة التراجع حالة الفقد مصدر التصنيف او خطة الترفيف حالة تلف ليس للاعارة المكان المؤقت الموقع الحالى موقع الترفيف تاريخ الاكتساب اجمالي اﻻعارات رقم الطلب الباركود تاريخ اخر مشاهدة تاريخ تفعيل السعر نوع وعاء كوها
    ddc     مكتبة القاهرة الكبرى مكتبة القاهرة الكبرى   12/18/2016   709.32 CC/C L 162984 12/18/2016 12/18/2016 كتاب

Powered By

EGPV